[Event "Online Olym Top DivA 2020"]
[Site "chess.com INT"]
[Date "2020.08.21"]
[Round "2.3"]
[Board "2"]
[White "Yu, Yangyi"]
[Black "Priasmoro, Novendra"]
[Result "1-0"]
[WhiteTitle "GM"]
[BlackTitle "IM"]
[WhiteElo "2709"]
[BlackElo "2502"]
[WhiteTeam "China"]
[BlackTeam "Indonesia"]
[WhiteFideId "8603820"]
[BlackFideId "7105029"]
[EventDate "2020.08.21"]
[EventType "team"]

1. d4 Nf6 2. c4 g6 3. Nc3 Bg7 4. e4 d6 5. Nf3 O-O 6. Be2 Na6 7. O-O e5 8. Be3 c6
9. d5 Ng4 10. Bg5 f6 11. Bd2 c5 12. Qc1 f5 13. exf5 gxf5 14. Bg5 Qe8 15. Nh4 h6
16. Bd2 Bf6 17. Nf3 e4 18. Ne1 Qg6 19. Bxg4 Qxg4 20. f3 Bd4+ 21. Kh1 Qh4 22.
fxe4 fxe4 23. Rxf8+ Kxf8 24. Bxh6+ Kf7 25. Qf4+ Qxf4 26. Bxf4 Bf5 27. Nb5 Bxb2
28. Rb1 Be5 29. Nxd6+ Bxd6 30. Rxb7+ Bc7 31. Bxc7 Bc8 32. Rb5 Nxc7 33. Rxc5 Ne8
34. Kg1 Bd7 35. Ra5 Nd6 36. c5 Nb7 37. Ra3 Nxc5 38. Nc2 Kf6 39. Ne3 Ke5 40. h4
Nd3 41. Ra6 Kd4 42. Nc2+ Kxd5 43. h5 Bg4 44. Ne3+ Kd4 45. Nxg4 Nf4 46. h6 Ne2+
47. Kh2 Nc3 48. Rd6+ Kc5 49. Rd7 Nd5 50. Kg3 e3 51. Kf3 Rf8+ 52. Ke2 Nf4+ 53.
Kxe3 Nxg2+ 54. Kd2 a5 55. h7 Nh4 56. Ne5 Rh8 57. Kd3 a4 58. Ke4 Kb4 59. Rg7 Ka3
60. Nf7 Re8+ 61. Kd3 Nf5 62. Rg8 Re3+ 63. Kd2 Rh3 64. h8=Q Rxh8 65. Rxh8 Kxa2
66. Ne5 a3 67. Kc3 Ne3 68. Rh2+ Kb1 69. Kb3 1-0

[Event "Online Olym Top DivA 2020"]
[Site "chess.com INT"]
[Date "2020.08.21"]
[Round "2.3"]
[Board "3"]
[White "Sukandar, Irine Kharisma"]
[Black "Ju, Wenjun"]
[Result "0-1"]
[WhiteTitle "IM"]
[BlackTitle "GM"]
[WhiteElo "2413"]
[BlackElo "2560"]
[WhiteTeam "Indonesia"]
[BlackTeam "China"]
[WhiteFideId "7101937"]
[BlackFideId "8603006"]
[EventDate "2020.08.21"]
[EventType "team"]

1. d4 Nf6 2. Bf4 d5 3. e3 c5 4. c3 Nc6 5. Nd2 cxd4 6. exd4 Bf5 7. Ngf3 e6 8. Qb3
Qc8 9. Nh4 Bg4 10. h3 Bh5 11. g4 Bg6 12. Nxg6 hxg6 13. Bg2 Be7 14. O-O O-O 15.
Rae1 Qd7 16. Be5 Ne8 17. Bg3 Bd6 18. f4 g5 19. h4 gxf4 20. Bxf4 Bxf4 21. Rxf4
Nd6 22. Qd1 Rae8 23. Nb3 b6 24. Nc1 f5 25. gxf5 Rxf5 26. Nd3 Ref8 27. Qg4 Qf7
28. Ref1 Ne4 29. Qh3 Qg6 30. Kh2 Ne7 31. Ne5 Qh6 32. Rxf5 Nxf5 33. h5 Neg3 34.
Rf3 Nxh5 35. Ng4 Qg5 36. Ne5 Nf4 37. Qg4 Qxg4 38. Nxg4 Nxg2 39. Kxg2 Nh4+ 0-1

[Event "Online Olym Top DivA 2020"]
[Site "chess.com INT"]
[Date "2020.08.21"]
[Round "2.3"]
[Board "4"]
[White "Lei, Tingjie"]
[Black "Aulia, Medina Warda"]
[Result "1-0"]
[WhiteTitle "GM"]
[BlackTitle "IM"]
[WhiteElo "2505"]
[BlackElo "2360"]
[WhiteTeam "China"]
[BlackTeam "Indonesia"]
[WhiteFideId "8605114"]
[BlackFideId "7101570"]
[EventDate "2020.08.21"]
[EventType "team"]

1. d4 e6 2. c4 Nf6 3. g3 d5 4. Bg2 Nbd7 5. Qc2 Be7 6. Nf3 O-O 7. O-O a6 8. Nbd2
b6 9. e4 dxe4 10. Nxe4 Bb7 11. Nxf6+ Nxf6 12. Re1 h6 13. Bf4 Re8 14. Rad1 Qc8
15. a3 a5 16. Qe2 c5 17. Ne5 Bxg2 18. Kxg2 Qb7+ 19. Qf3 Qxf3+ 20. Kxf3 cxd4 21.
Rxd4 Rac8 22. h4 h5 23. Red1 Bc5 24. R4d2 Be7 25. Rc2 Bc5 26. Nd7 Ng4 27. Nxc5
Rxc5 28. b4 Rcc8 29. Rd6 b5 30. c5 axb4 31. axb4 e5 32. Bd2 Red8 33. Rxd8+ Rxd8
34. Ra2 Kf8 35. Ke2 Rd7 36. Ra8+ Ke7 37. Rb8 Ke6 38. Rxb5 Kd5 39. Rb6 f5 40. c6
Rc7 41. b5 Ra7 42. Rb7 Ra2 43. c7 Rc2 44. b6 1-0

[Event "Online Olym Top DivA 2020"]
[Site "chess.com INT"]
[Date "2020.08.21"]
[Round "2.3"]
[Board "5"]
[White "Tarigan, Gilbert Elroy"]
[Black "Chen, Qi b"]
[Result "1-0"]
[WhiteTitle "IM"]
[BlackTitle "IM"]
[WhiteElo "2149"]
[BlackElo "2493"]
[WhiteTeam "Indonesia"]
[BlackTeam "China"]
[WhiteFideId "7108133"]
[BlackFideId "8614733"]
[EventDate "2020.08.21"]
[EventType "team"]

1. d4 Nf6 2. Nf3 g6 3. g3 Bg7 4. Bg2 O-O 5. O-O d6 6. c4 c5 7. dxc5 dxc5 8. Ne5
Qd6 9. Nd3 Rd8 10. Nc3 Na6 11. Bf4 Qb6 12. Qb3 Nh5 13. Bg5 Bxc3 14. Qxc3 Qc7 15.
Nf4 Nxf4 16. Bxf4 Qb6 17. Bh6 f6 18. Qe3 Kf7 19. f4 Be6 20. b3 Nb4 21. Rad1 Nc6
22. Qf2 Nd4 23. e4 Rd7 24. h3 Rad8 25. g4 Rd6 26. f5 Bc8 27. e5 Rc6 28. fxg6+
hxg6 29. Bd5+ Be6 30. Bxc6 Qxc6 31. Rxd4 Rxd4 32. exf6 Qe4 33. fxe7+ Kxe7 34.
Re1 Qd3 35. Re3 Qb1+ 36. Re1 Rd1 37. Qxc5+ Ke8 38. Qc8+ 1-0

[Event "Online Olym Top DivA 2020"]
[Site "chess.com INT"]
[Date "2020.08.21"]
[Round "2.3"]
[Board "6"]
[White "Ning, Kaiyu"]
[Black "Fisabilillah, Ummi"]
[Result "1-0"]
[WhiteTitle "WIM"]
[BlackTitle "WIM"]
[WhiteElo "2327"]
[BlackElo "2159"]
[WhiteTeam "China"]
[BlackTeam "Indonesia"]
[WhiteFideId "8614750"]
[BlackFideId "7104804"]
[EventDate "2020.08.21"]
[EventType "team"]

1. d4 Nf6 2. c4 e6 3. g3 d5 4. Bg2 Be7 5. Nf3 dxc4 6. Qa4+ Bd7 7. Qxc4 Bc6 8.
O-O O-O 9. Nc3 Nbd7 10. Qd3 b6 11. Rd1 Qc8 12. e4 Rd8 13. Qe2 Bb7 14. Bf4 a6 15.
Rac1 Nh5 16. Be3 Nhf6 17. Qc2 c5 18. d5 exd5 19. exd5 Bd6 20. Ng5 Nf8 21. Nge4
Be5 22. Bg5 Nxe4 23. Bxe4 Re8 24. Na4 Qg4 25. Be3 Bc7 26. Bg2 Rad8 27. h3 Qc8
28. Qb3 Nd7 29. d6 Bb8 30. Nxb6 Nxb6 31. Qxb6 Bxg2 32. Kxg2 Qf5 33. Qxc5 Qe4+
34. Kh2 Qf3 35. Rd2 h6 36. Rcd1 Rd7 37. Qd5 Qf6 38. Qc6 Red8 39. Qxa6 Bxd6 40.
Qe2 Qe6 41. b3 g6 42. Qg4 Qe7 43. Bf4 h5 44. Qg5 Qxg5 45. Bxg5 1-0

[Event "Online Olym Top DivA 2020"]
[Site "chess.com INT"]
[Date "2020.08.21"]
[Round "2.4"]
[Board "2"]
[White "Wagner, Dennis"]
[Black "Tabatabaei, M.amin"]
[Result "1-0"]
[WhiteTitle "GM"]
[BlackTitle "GM"]
[WhiteElo "2581"]
[BlackElo "2629"]
[WhiteTeam "Germany"]
[BlackTeam "Iran"]
[WhiteFideId "24650684"]
[BlackFideId "12521213"]
[EventDate "2020.08.21"]
[EventType "team"]

1. d4 Nf6 2. c4 g6 3. Nc3 Bg7 4. e4 d6 5. Nf3 O-O 6. Be2 e5 7. O-O Nc6 8. d5 Ne7
9. b4 a5 10. bxa5 c5 11. a4 Rxa5 12. Bd2 Ra6 13. Ra3 Ne8 14. Nb5 h6 15. Qc1 Kh7
16. Bd3 f5 17. exf5 gxf5 18. Bc2 Ng6 19. Qd1 Nf6 20. g3 e4 21. Ne1 f4 22. gxf4
Bf5 23. Rg3 Qd7 24. Kh1 h5 25. f3 Bh6 26. Nc3 e3 27. Bxe3 h4 28. Rg5 Bxg5 29.
fxg5 Bxc2 30. Qxc2 Ng4 31. Bd2 Ne5 32. Ne4 Qh3 33. Rf2 Ng4 34. Rg2 Rxf3 35. Nxf3
Qxf3 36. Nf6+ Nxf6 37. gxf6 Qf1+ 38. Rg1 Qf3+ 39. Rg2 Qf1+ 40. Rg1 Qxf6 41. Qd1
Qf5 42. Rg5 Qe4+ 43. Kg1 Qd4+ 44. Kh1 Nf4 45. Qb1+ Kh8 46. Qf5 Ra8 47. Qxf4 Qa1+
48. Bc1 Re8 49. Qxh4# 1-0

[Event "Online Olym Top DivA 2020"]
[Site "chess.com INT"]
[Date "2020.08.21"]
[Round "2.4"]
[Board "3"]
[White "Khademalsharieh, Sarasadat"]
[Black "Melamed, Tatjana"]
[Result "1-0"]
[WhiteTitle "IM"]
[BlackTitle "WGM"]
[WhiteElo "2494"]
[BlackElo "2336"]
[WhiteTeam "Iran"]
[BlackTeam "Germany"]
[WhiteFideId "12512214"]
[BlackFideId "14102145"]
[EventDate "2020.08.21"]
[EventType "team"]

1. Nf3 Nf6 2. d4 g6 3. c4 Bg7 4. g3 O-O 5. Bg2 d6 6. O-O c6 7. Nc3 Bf5 8. Ng5 h6
9. e4 Bg4 10. f3 Bc8 11. Nh3 Qb6 12. Nf2 Nfd7 13. Ne2 c5 14. dxc5 dxc5 15. f4
Nc6 16. e5 Rd8 17. Nc3 e6 18. Qa4 Nd4 19. Nb5 Nb8 20. Nxd4 cxd4 21. Nd3 Bd7 22.
Qb4 Qxb4 23. Nxb4 Nc6 24. Nd3 Bf8 25. Bd2 a5 26. b3 h5 27. a3 Ra7 28. Rfd1 Rb8
29. b4 axb4 30. axb4 Rba8 31. Rxa7 Rxa7 32. b5 Nd8 33. Bb4 Ra4 34. Bxf8 Kxf8 35.
Nc5 Rxc4 36. Nxd7+ Ke7 37. Nb6 Rb4 38. Nc8+ Kd7 39. Nd6 f6 40. Nxb7 Nxb7 41.
Bxb7 Rxb5 42. Rxd4+ Kc7 43. Be4 fxe5 44. fxe5 g5 45. Bg6 h4 46. gxh4 gxh4 47.
Rxh4 Rxe5 48. Rh7+ Kd6 49. h4 Re3 50. h5 Ke5 51. Kf2 Rh3 52. Kg2 Rh4 53. Kg3 Rh1
54. Rf7 Kd6 55. Kg4 e5 56. Kg5 Ke6 57. Rf6+ Ke7 58. Rf5 Ke6 59. Rf2 Ke7 60. Kh6
Rg1 61. Kg7 e4 62. Re2 1-0

[Event "Online Olym Top DivA 2020"]
[Site "chess.com INT"]
[Date "2020.08.21"]
[Round "2.5"]
[Board "1"]
[White "Bilguun, Sumiya"]
[Black "Jobava, Baadur"]
[Result "0-1"]
[WhiteTitle "GM"]
[BlackTitle "GM"]
[WhiteElo "2454"]
[BlackElo "2603"]
[WhiteTeam "Mongolia"]
[BlackTeam "Georgia"]
[WhiteFideId "4901541"]
[BlackFideId "13601520"]
[EventDate "2020.08.21"]
[EventType "team"]

1. e4 c5 2. Nf3 e6 3. d4 cxd4 4. Nxd4 Nf6 5. Nc3 Bb4 6. e5 Nd5 7. Bd2 Bxc3 8.
bxc3 O-O 9. c4 Ne7 10. Bd3 d6 11. exd6 Qxd6 12. Bc3 Nbc6 13. Nxc6 Qxc6 14. Qh5
Ng6 15. Qg5 f6 16. Qg3 e5 17. Bxg6 hxg6 18. Qxg6 Be6 19. O-O Bxc4 20. Rfe1 Rfd8
21. Re3 Bf7 22. Qg4 Rd7 23. h4 Rad8 24. Rg3 Bd5 25. h5 Qc4 26. Qg6 Qf4 27. Rg4
Be4 28. Qxe4 Rd1+ 29. Rxd1 Rxd1+ 30. Be1 Rxe1+ 31. Qxe1 Qxg4 32. Qb1 b6 33. Qb3+
Kh7 34. Qf7 Qd1+ 35. Kh2 Qxc2 36. f3 a5 37. Qe6 b5 38. Qd5 Qc4 39. Qd7 Qh4+ 40.
Kg1 Qd4+ 41. Qxd4 exd4 42. Kf2 b4 43. Ke2 a4 44. Kd3 b3 45. a3 Kh6 46. g4 Kg5
47. Kd2 Kf4 48. Kd3 Kxf3 0-1

[Event "Online Olym Top DivA 2020"]
[Site "chess.com INT"]
[Date "2020.08.21"]
[Round "2.5"]
[Board "2"]
[White "Pantsulaia, Levan"]
[Black "Nasanjargal, Urtnasan"]
[Result "1-0"]
[WhiteTitle "GM"]
[BlackTitle "GM"]
[WhiteElo "2553"]
[BlackElo "2460"]
[WhiteTeam "Georgia"]
[BlackTeam "Mongolia"]
[WhiteFideId "13602071"]
[BlackFideId "4900774"]
[EventDate "2020.08.21"]
[EventType "team"]

1. Nf3 Nf6 2. g3 d5 3. Bg2 g6 4. b3 Bg7 5. Bb2 O-O 6. c4 c6 7. d3 dxc4 8. bxc4
Qb6 9. Bc3 Na6 10. O-O Nc5 11. Nbd2 Qc7 12. Be5 Qd8 13. Qc2 Bf5 14. Qb2 Qc8 15.
Qa3 b6 16. Nd4 Bd7 17. N2b3 Nxb3 18. axb3 a5 19. Qb2 Nh5 20. Bxg7 Nxg7 21. b4 e5
22. Nf3 f6 23. bxa5 bxa5 24. Nd2 a4 25. Ne4 Ne6 26. f4 Rb8 27. Qa3 c5 28. fxe5
fxe5 29. Rxf8+ Kxf8 30. Rf1+ Kg7 31. Qc1 Qd8 32. Nc3 Qg5 33. e3 Rb3 34. Ne4 Qd8
35. Qa1 Qb8 36. Bh3 1-0

[Event "Online Olym Top DivA 2020"]
[Site "chess.com INT"]
[Date "2020.08.21"]
[Round "2.5"]
[Board "3"]
[White "Munguntuul, Batkhuyag"]
[Black "Arabidze, Meri"]
[Result "1-0"]
[WhiteTitle "IM"]
[BlackTitle "IM"]
[WhiteElo "2428"]
[BlackElo "2428"]
[WhiteTeam "Mongolia"]
[BlackTeam "Georgia"]
[WhiteFideId "4900758"]
[BlackFideId "13604040"]
[EventDate "2020.08.21"]
[EventType "team"]

1. e4 c5 2. Nf3 e6 3. d4 cxd4 4. Nxd4 Nc6 5. Nc3 a6 6. Nxc6 bxc6 7. Bd3 d5 8.
O-O Nf6 9. Qe2 Bb7 10. b3 Be7 11. Bb2 O-O 12. Rad1 Qc7 13. Na4 Rfd8 14. e5 Nd7
15. c4 a5 16. cxd5 cxd5 17. Rc1 Qb8 18. Bd4 g6 19. Bb5 Bc8 20. Rc3 Bb4 21. Rc2
Ba3 22. Rd1 h5 23. Rc3 Kg7 24. Rg3 Rh8 25. f4 h4 26. Rg4 Rh5 27. Rf1 Kf8 28. Rg5
Rh7 29. h3 Be7 30. Rg4 Rh5 31. Rc1 Bd8 32. Kh1 Nb6 33. Nxb6 Bxb6 34. Rxc8+ Qxc8
35. Bxb6 Qc1+ 36. Qf1 Qd2 37. Qf2 Qc1+ 38. Kh2 Rc8 39. Rxh4 Rc2 40. Qg3 Rf5 41.
Bd8 Rc3 42. Bf6 Rxf6 43. exf6 Kg8 44. Qg5 Rf3 45. Rh8+ Kxh8 46. Qh6+ Kg8 47.
Qg7# 1-0

[Event "Online Olym Top DivA 2020"]
[Site "chess.com INT"]
[Date "2020.08.21"]
[Round "2.5"]
[Board "4"]
[White "Batsiashvili, Nino"]
[Black "Batchimeg, Tuvshintugs"]
[Result "1-0"]
[WhiteTitle "GM"]
[BlackTitle "IM"]
[WhiteElo "2457"]
[BlackElo "2356"]
[WhiteTeam "Georgia"]
[BlackTeam "Mongolia"]
[WhiteFideId "13602993"]
[BlackFideId "4900839"]
[EventDate "2020.08.21"]
[EventType "team"]

1. d4 Nf6 2. c4 g6 3. Nc3 d5 4. cxd5 Nxd5 5. e4 Nxc3 6. bxc3 Bg7 7. Be3 c5 8.
Bc4 Nc6 9. Ne2 O-O 10. h4 cxd4 11. cxd4 h5 12. O-O e6 13. Bg5 Bf6 14. Bh6 Re8
15. e5 Bxh4 16. Qd2 b6 17. Qf4 Bb7 18. Rad1 Nb4 19. Ng3 Rc8 20. Bb3 Nd5 21. Qd2
Ne7 22. Qf4 Nd5 23. Qd2 Be7 24. Ne4 Nb4 25. Ng5 Nd5 26. f3 Bf8 27. Bxf8 Rxf8 28.
Ne4 Kg7 29. Rc1 Qd7 30. Qg5 Qe7 31. Qd2 Ba6 32. Rfd1 Bb7 33. Bxd5 Bxd5 34. Nf6
Rc7 35. Qg5 Rh8 36. Rxc7 Qxc7 37. Rc1 Qd8 38. Nxh5+ Kh7 39. Nf6+ Kg7 40. a3 Bb7
41. Nh5+ Kh7 42. Nf6+ Kg7 43. Qf4 Qe7 44. Rc3 Rc8 45. Qg5 Rh8 46. Nh5+ 1-0

[Event "Online Olym Top DivA 2020"]
[Site "chess.com INT"]
[Date "2020.08.21"]
[Round "2.5"]
[Board "5"]
[White "Batsuren, Dambasuren"]
[Black "Petriashvili, Nikoloz"]
[Result "1-0"]
[WhiteTitle "IM"]
[BlackTitle "IM"]
[WhiteElo "2481"]
[BlackElo "2423"]
[WhiteTeam "Mongolia"]
[BlackTeam "Georgia"]
[WhiteFideId "4902920"]
[BlackFideId "13611216"]
[EventDate "2020.08.21"]
[EventType "team"]

1. d4 Nf6 2. c4 g6 3. Nc3 d5 4. Bf4 Bg7 5. e3 O-O 6. Rc1 c6 7. Nf3 Be6 8. b3
Nbd7 9. h3 h6 10. Bd3 Rc8 11. O-O Qa5 12. Qd2 Kh8 13. Bh2 b6 14. Qb2 c5 15. dxc5
Nxc5 16. Be2 Na6 17. a3 b5 18. cxb5 Nb8 19. Nd4 Ne4 20. b4 Qb6 21. Na4 Qd8 22.
Nc5 Bf5 23. Qa2 e5 24. Nxf5 gxf5 25. Rfd1 d4 26. exd4 exd4 27. Bf3 Qh4 28. Bxb8
Rxb8 29. Bxe4 fxe4 30. Nd7 e3 31. Nxb8 Rxb8 32. fxe3 dxe3 33. Rc4 Qf6 34. Re4
Qb6 35. Re1 f5 36. Re6 Qd4 37. Qe2 f4 38. Rd1 Qc3 39. Qd3 Qb2 40. Rf1 Rf8 41.
Re4 Be5 42. Qd5 e2 43. Qxe5+ Qxe5 44. Rxe5 exf1=Q+ 45. Kxf1 f3 46. Re7 fxg2+ 47.
Kxg2 1-0

[Event "Online Olym Top DivA 2020"]
[Site "chess.com INT"]
[Date "2020.08.21"]
[Round "2.5"]
[Board "6"]
[White "Lomaia, Diana"]
[Black "Munkhzul, Davaakhuu"]
[Result "0-1"]
[WhiteTitle "WCM"]
[BlackTitle "WFM"]
[WhiteElo "1999"]
[BlackElo "1991"]
[WhiteTeam "Georgia"]
[BlackTeam "Mongolia"]
[WhiteFideId "13612476"]
[BlackFideId "4902815"]
[EventDate "2020.08.21"]
[EventType "team"]

1. d4 d5 2. c4 e6 3. g3 Bb4+ 4. Bd2 Be7 5. Nf3 Nf6 6. Bg2 O-O 7. O-O c6 8. Qc2
Nbd7 9. b3 b6 10. Bf4 Ba6 11. Rd1 Rc8 12. Ne5 Nxe5 13. dxe5 Nd7 14. Nc3 Qc7 15.
cxd5 cxd5 16. Rac1 Ba3 17. Nb1 Qxc2 18. Rxc2 Rxc2 19. Nxa3 Rxa2 20. Nb1 Rc8 21.
e4 Ra1 22. Bf1 Bxf1 23. Kxf1 d4 24. Kg2 Nc5 25. b4 Na6 26. b5 Nc5 27. Rc1 Rd8
28. Bg5 Re8 29. Rd1 h6 30. Bf4 Rd8 31. Kf3 d3 32. Ke3 g5 33. f3 gxf4+ 34. gxf4
d2 35. Rxd2 Rxd2 36. Nxd2 Re1+ 37. Kf2 Nd3+ 38. Kg3 Rg1+ 0-1

[Event "Online Olym Top DivA 2020"]
[Site "chess.com INT"]
[Date "2020.08.21"]
[Round "3.1"]
[Board "1"]
[White "Jobava, Baadur"]
[Black "Le, Quang Liem"]
[Result "1-0"]
[WhiteTitle "GM"]
[BlackTitle "GM"]
[WhiteElo "2603"]
[BlackElo "2709"]
[WhiteTeam "Georgia"]
[BlackTeam "Vietnam"]
[WhiteFideId "13601520"]
[BlackFideId "12401137"]
[EventDate "2020.08.21"]
[EventType "team"]

1. e4 e5 2. Nf3 Nc6 3. c3 Nf6 4. d3 d5 5. Qc2 a5 6. a4 Be7 7. Be2 O-O 8. O-O Re8
9. Re1 h6 10. h3 Be6 11. Na3 Nd7 12. Nb5 Nc5 13. Be3 Bf8 14. exd5 Bxd5 15. Nd2
Re6 16. Rad1 Rg6 17. Bf3 Ne6 18. Ne4 Ng5 19. Nxg5 hxg5 20. Bxd5 Qxd5 21. Nxc7
Qd8 22. Nxa8 Qxa8 23. d4 g4 24. hxg4 exd4 25. Bxd4 Rxg4 26. Qf5 Rh4 27. Re4 Rh6
28. Rde1 Qb8 29. g3 Qd6 30. Qc8 Kh7 31. Qf5+ Kg8 32. Rf4 Nd8 33. Re8 Qc6 34. Qe4
Qd7 35. Rg4 Ne6 36. Rb8 Rh5 37. Qxb7 Qxa4 38. Rxf8+ Kh7 39. Rh8+ Kxh8 40. Bxg7+ 1-0

[Event "Online Olym Top DivA 2020"]
[Site "chess.com INT"]
[Date "2020.08.21"]
[Round "3.1"]
[Board "2"]
[White "Nguyen, Ngoc Truong Son"]
[Black "Pantsulaia, Levan"]
[Result "1-0"]
[WhiteTitle "GM"]
[BlackTitle "GM"]
[WhiteElo "2641"]
[BlackElo "2553"]
[WhiteTeam "Vietnam"]
[BlackTeam "Georgia"]
[WhiteFideId "12401110"]
[BlackFideId "13602071"]
[EventDate "2020.08.21"]
[EventType "team"]

1. d4 Nf6 2. Nf3 c5 3. d5 d6 4. Nc3 g6 5. e4 Bg7 6. Be2 O-O 7. O-O Na6 8. h3 Nc7
9. Re1 a6 10. a4 b6 11. Bf4 Bb7 12. Qd2 Qd7 13. Rab1 b5 14. b4 c4 15. Bh6 e6 16.
Bxg7 Kxg7 17. dxe6 Nxe6 18. axb5 axb5 19. Nd4 Nc7 20. Nf5+ Kg8 21. Qxd6 Qxd6 22.
Nxd6 Bc6 23. e5 Nd7 24. Bf3 Bxf3 25. gxf3 Ra3 26. Ncxb5 Nxb5 27. Nxb5 Rxf3 28.
Rbd1 Nb8 29. Kg2 Rf5 30. Nd6 Rg5+ 31. Kh2 Nc6 32. f4 Rh5 33. b5 Ne7 34. b6 Rb8
35. b7 Nf5 36. Ra1 1-0

[Event "Online Olym Top DivA 2020"]
[Site "chess.com INT"]
[Date "2020.08.21"]
[Round "3.1"]
[Board "3"]
[White "Arabidze, Meri"]
[Black "Pham, Le Thao Nguyen"]
[Result "0-1"]
[WhiteTitle "IM"]
[BlackTitle "IM"]
[WhiteElo "2428"]
[BlackElo "2366"]
[WhiteTeam "Georgia"]
[BlackTeam "Vietnam"]
[WhiteFideId "13604040"]
[BlackFideId "12401226"]
[EventDate "2020.08.21"]
[EventType "team"]

1. d4 d5 2. c4 c6 3. Nc3 Nf6 4. e3 a6 5. Nf3 b5 6. b3 Bg4 7. Be2 e6 8. O-O Bb4
9. Bd2 Bd6 10. Ne5 Bxe2 11. Qxe2 O-O 12. f4 Ne4 13. Nxe4 dxe4 14. a4 f6 15. Ng4
f5 16. Ne5 bxa4 17. Rxa4 c5 18. Bc3 Bxe5 19. fxe5 Nc6 20. dxc5 Qb8 21. Qb2 a5
22. Rd1 Qa7 23. Rd6 Qxc5 24. Bd4 Nxd4 25. exd4 Qc8 26. Qe2 Qb7 27. Rxe6 Qxb3 28.
Ra1 a4 29. d5 a3 30. Qa2 Qe3+ 31. Kh1 f4 32. d6 f3 33. c5 Kh8 34. d7 f2 35. Rf1
Qe1 36. Qc4 a2 0-1

[Event "Online Olym Top DivA 2020"]
[Site "chess.com INT"]
[Date "2020.08.21"]
[Round "3.1"]
[Board "4"]
[White "Hoang, Thi Bao Tram"]
[Black "Batsiashvili, Nino"]
[Result "0-1"]
[WhiteTitle "WGM"]
[BlackTitle "GM"]
[WhiteElo "2288"]
[BlackElo "2457"]
[WhiteTeam "Vietnam"]
[BlackTeam "Georgia"]
[WhiteFideId "12401102"]
[BlackFideId "13602993"]
[EventDate "2020.08.21"]
[EventType "team"]

1. d4 Nf6 2. Nf3 g6 3. g3 Bg7 4. Bg2 O-O 5. O-O d6 6. c4 Nc6 7. Nc3 e5 8. dxe5
dxe5 9. Bg5 Be6 10. Nd5 Bxd5 11. Bxf6 Qxf6 12. cxd5 Nd4 13. Nd2 Rad8 14. e3 Nb5
15. Rc1 Qe7 16. Qc2 Rd7 17. Qc5 Nd6 18. Qxa7 e4 19. Rc2 f5 20. b3 b6 21. Qa3 Be5
22. Rfc1 Qf7 23. Nc4 Nxc4 24. bxc4 Bd6 25. Qc3 Ra8 26. a4 Qg7 27. Qxg7+ Kxg7 28.
Ra2 Ra5 29. Bf1 Rd8 30. Be2 Kf6 31. Rb1 Rda8 32. Bd1 h5 33. Rb5 Rxb5 34. cxb5
Ke5 35. Bb3 h4 36. Kg2 Rh8 37. h3 hxg3 38. fxg3 g5 39. Rd2 Rg8 40. Kf1 Rg7 41.
Re2 Bc5 42. Bc4 f4 43. exf4+ gxf4 44. gxf4+ Kd4 45. Ba2 Rf7 46. Kg2 Rxf4 47. Kg3
Rf3+ 48. Kg4 Ra3 49. h4 Bd6 50. h5 Rg3+ 51. Kf5 Rf3+ 52. Kg6 Rg3+ 53. Kf5 e3 54.
Bb1 Rf3+ 55. Kg4 Rf2 56. Re1 e2 57. h6 Ke3 58. h7 Be5 59. Rh1 Rf4+ 60. Kg3 Rf1+ 0-1

[Event "Online Olym Top DivA 2020"]
[Site "chess.com INT"]
[Date "2020.08.21"]
[Round "3.1"]
[Board "5"]
[White "Kacharava, Nikolozi"]
[Black "Nguyen, Anh Khoi"]
[Result "0-1"]
[WhiteTitle "IM"]
[BlackTitle "GM"]
[WhiteElo "2437"]
[BlackElo "2520"]
[WhiteTeam "Georgia"]
[BlackTeam "Vietnam"]
[WhiteFideId "13611860"]
[BlackFideId "12404675"]
[EventDate "2020.08.21"]
[EventType "team"]

1. e4 c5 2. Nf3 d6 3. d4 cxd4 4. Qxd4 Nc6 5. Bb5 Bd7 6. Bxc6 Bxc6 7. Nc3 Nf6 8.
Bg5 e6 9. O-O-O Be7 10. Qd3 O-O 11. Nd4 Qa5 12. h4 Rfc8 13. f4 Rab8 14. g4 Be8
15. Bxf6 Bxf6 16. g5 Bxd4 17. Qxd4 b5 18. Kb1 b4 19. Ne2 Rb6 20. Nc1 e5 21. Qe3
Rbc6 22. Rh2 Qc7 23. Rdd2 Rc4 24. f5 Bc6 25. g6 Bxe4 26. gxh7+ Kh8 27. f6 gxf6
28. Nd3 Qb6 29. Qh6 Qg1+ 30. Nc1 Qg6 31. Qxg6 fxg6 32. Rhf2 Kxh7 33. Rxf6 Bxc2+
34. Ka1 Be4 35. Ne2 Rc1+ 36. Nxc1 Rxc1# 0-1

[Event "Online Olym Top DivA 2020"]
[Site "chess.com INT"]
[Date "2020.08.21"]
[Round "3.1"]
[Board "6"]
[White "Bach, Ngoc Thuy Duong"]
[Black "Koridze, Lile"]
[Result "1-0"]
[WhiteTitle "WIM"]
[BlackTitle "WFM"]
[WhiteElo "2239"]
[BlackElo "1996"]
[WhiteTeam "Vietnam"]
[BlackTeam "Georgia"]
[WhiteFideId "12408956"]
[BlackFideId "13612514"]
[EventDate "2020.08.21"]
[EventType "team"]

1. d4 Nf6 2. c4 e6 3. Nc3 Bb4 4. Qc2 O-O 5. a3 Bxc3+ 6. Qxc3 b6 7. Bg5 Bb7 8. f3
d5 9. e3 Nbd7 10. Bd3 h6 11. Bh4 c5 12. Ne2 Rc8 13. Qb3 cxd4 14. exd4 e5 15.
cxd5 exd4 16. O-O Nc5 17. Qd1 Bxd5 18. Bf5 d3 19. Bxd3 Bb3 20. Bc2 Bc4 21. Qxd8
Rcxd8 22. Bxf6 gxf6 23. Rf2 Rd2 24. Ng3 Rfd8 25. b4 Rxf2 26. Kxf2 Rd2+ 27. Kg1
Rxc2 28. bxc5 bxc5 29. Rb1 Bd3 30. Rb8+ Kh7 31. Nh5 Kg6 32. Nf4+ Kf5 33. Nxd3 c4
34. Nb4 Rb2 35. Rc8 Rb3 36. Rxc4 Rxa3 37. Kf2 Ra4 38. Rc5+ Ke6 39. Nc2 Ra2 40.
Ke3 a5 41. g4 a4 42. h4 Rb2 43. Rc3 Kd5 44. Kd3 Rb1 45. Ra3 Rh1 46. h5 Rh3 47.
Ne3+ Ke6 48. Ke4 1-0